000 00502nam a2200181Ia 4500
005 20250508160654.0
008 008 250505s9999 xx 000 0 eng d
037 _aTextual
040 _aFEDL
_beng
_cFEDL
041 _aeng
_2eng
084 _a294.3, SAD
_qFEDL
100 _aSaddhatissa H.
245 0 _aBuddhist ethics: Essence if Buddhism
260 _aLondon, UK
_bGeorge Allen and Unwin Ltd
_c1970
300 _a202p
942 _cTEXL
_h294.3, SAD
999 _c1365956
_d1365956